Comeuppance My experiences in an Indian prison / (Record no. 151943)

MARC details
000 -LEADER
fixed length control field 00549nam a22001817a 4500
005 - DATE AND TIME OF LATEST TRANSACTION
control field 20180508170322.0
010 ## - LCCN (DPL NO)
LC control number ENG-123008
020 ## - INTERNATIONAL STANDARD BOOK NUMBER
Terms of availability 299.00
International Standard Book Number 9789386338891
035 ## - SYSTEM CONTROL NUMBER
System control number EN-106540
037 ## - SOURCE OF ACQUISITION
Stock number DBAD/PUB.
082 ## - DEWEY DECIMAL CLASSIFICATION NUMBER
Classification number 364.40954
100 ## - MAIN ENTRY--PERSONAL NAME
Personal name Tooley, James
245 ## - TITLE STATEMENT
Title Comeuppance My experiences in an Indian prison /
Statement of responsibility, etc by James Tooley
260 ## - PUBLICATION, DISTRIBUTION, ETC. (IMPRINT)
Place of publication, distribution, etc New Delhi
Name of publisher, distributor, etc Speaking Tiger
Date of publication, distribution, etc 2017
270 ## - ADDRESS
Address 4381/4, Ansari Road, Daryaganj
City New Delhi
Postal code 110002
300 ## - PHYSICAL DESCRIPTION
Extent 258p.
Other physical details 20cm(pbk)
942 ## - ADDED ENTRY ELEMENTS (KOHA)
Source of classification or shelving scheme Dewey Decimal Classification
Item type English Books
Classification part 364.40954
Call number suffix TOO
Holdings
Withdrawn status Lost status Not for loan Collection code Home library Current library Date acquired Cost, normal purchase price Full call number Barcode Copy number Cost, replacement price Koha item type
    Not For Loan Non-fiction D.B.Act.Division Central Library 08/05/2018 299.00 364.40954 TOO EN-106540 1 299.00 English Books

© Delhi Public Library
Hit Counter
free hit counter